000 00907nam a2200241Ia 4500
003 OSt
005 20221005112152.0
006 a|||||r|||| 00| 0
007 ta
008 221004b |||||||| |||| 00| 0 pan d
020 _a9789384138851 (hbk)
_cINR 175.00
024 _a32201
037 _b783, 27/02/2017, H.K. Prakashan
_cTextual
040 _aCRL
_cCRL
_bpan
041 _2pan
_apan
082 _aO153,3NSA3x, Q6
100 _aਸਾਗਰ, ਸਬਿੰਦਰਜੀਤ ਸਿੰਘ, ਂਚ.
245 0 _aਸਹਿਮੇ ਹੋਏ ਕਬੂਤਰ
260 _aਅੰਮ੍ਰਿਤਸਰ
_bਕੇ.ਜੀ. ਗ੍ਰਾਫਿਕਸ ਭਾਰਤ
_c2016
650 _a ਪੰਜਾਬੀ ਕਹਾਣੀ
942 _hO153,3NSA3x, Q6
_cTEXL
_2cc
999 _c1024044
_d1024044